| 000 | 00769nam a22001817a 4500 | ||
|---|---|---|---|
| 999 |
_c61570 _d61570 |
||
| 005 | 20240326100224.0 | ||
| 008 | 240326c2003 ge ||||| |||| 00| 0 geo d | ||
| 022 | _a0134-983x | ||
| 041 | _ageo | ||
| 245 |
_aექო : _b2003. ჟურნალი ეძღვნება მემედ- ბეგ აბაშიძის დაბადებიდან 130 წლისთავს / _cრედაქტორი რეზო ტაკიძე. |
||
| 260 |
_aბათუმი, _c2003. |
||
| 300 | _aV. | ||
| 653 | _aექო | ||
| 653 | _a საზოგადოებრივი ჟურნალი | ||
| 653 | _aპერიოდიკა | ||
| 700 |
_aტაკიძე, რეზო _eრედაქტორი _99941 |
||
| 942 |
_2udc _cCR |
||